000 00579nam a2200205Ia 4500
003 OSt
005 20240610115612.0
008 210210b1988 xxu||||| |||| 00| 0 eng d
040 _cAL
041 _aKannada
082 _a796.4K MURA
100 _aMURTI (K R H).
_dಮೂರ್ತಿ (ಕೆ ಆರ್ ಹೆಚ್)
_9169854
245 _aAthletics
_bಅಥ್ಲೆಟಿಕ್ಸ್
260 _aMaisuru.
_bPustaka Chilume.,
_c1988
300 _a251
650 _aAthletics
_9169855
690 _aAthletic & Outdoor Sports
_9169856
906 _a050764
942 _2ddc
_cBK
999 _c99243
_d99243